[Event "SERBIA OPEN 2023 - MASTERS СРБИЈА ОПЕН 2023 - МАСТЕРС"]
[Site "Belgrade, "]
[Date "2023.07.16"]
[Round "1.74"]
[White "Tregubenko, Nikolay"]
[Black "Krassel, Timofei"]
[Result "1-0"]
[WhiteElo "2130"]
[BlackElo "1923"]
[PlyCount "58"]
[EventDate "2023.07.16"]

1. e4 e6 2. d4 d5 3. Nc3 Bb4 4. Qd3 dxe4 5. Qxe4 Nf6 6. Qh4 c5 7. Nf3 Nd5 8. Qxd8+ Kxd8 9. Bd2 Nd7 10. O-O-O Nxc3 11. bxc3 Ba3+ 12. Kb1 b6 13. Bb5 a6 14. Bxd7 Bxd7 15. Ne5 Ke7 16. Nc4 b5 17. Nxa3 c4 18. Kb2 Bc6 19. f3 h5 20. h4 a5 21. Nb1 Rhb8 22. a3 f5 23. Rhe1 Bd5 24. Bg5+ Kd7 25. Nd2 b4 26. axb4 axb4 27. Ra1 Ra3 28. Rxa3 bxa3+ 29. Kxa3 Ra8+ 1-0

[Event "SERBIA OPEN 2023 - MASTERS СРБИЈА ОПЕН 2023 - МАСТЕРС"]
[Site "Belgrade, "]
[Date "2023.07.16"]
[Round "1.75"]
[White "Yalcinkaya, Efe"]
[Black "Andrijevic, Milan"]
[Result "1-0"]
[WhiteElo "1907"]
[BlackElo "2125"]
[PlyCount "66"]
[EventDate "2023.07.16"]

1. e4 c5 2. Nf3 e6 3. d4 cxd4 4. Nxd4 a6 5. Bd3 Nc6 6. Nxc6 bxc6 7. O-O d5 8. c4 Nf6 9. Qa4 Bd7 10. e5 Ng8 11. Nc3 Ne7 12. Bf4 Ng6 13. Bg3 Qb8 14. Qc2 Be7 15. cxd5 cxd5 16. Nxd5 exd5 17. e6 Qb7 18. exd7+ Qxd7 19. Bf5 Qb7 20. h4 Bf6 21. Qa4+ Qb5 22. Rfe1+ Ne7 23. Qc2 g6 24. Bd3 Qd7 25. Be5 Bxe5 26. Rxe5 O-O 27. Qc5 Rfe8 28. Rae1 Nc6 29. Rxe8+ Rxe8 30. Rxe8+ Qxe8 31. Qxd5 Qe1+ 32. Bf1 Nb4 33. Qc4 Qd2 {...} 1-0

[Event "SERBIA OPEN 2023 - MASTERS СРБИЈА ОПЕН 2023 - МАСТЕРС"]
[Site "Belgrade, "]
[Date "2023.07.16"]
[Round "1.77"]
[White "Davidov, Lazar"]
[Black "Jandric, Damjan"]
[Result "0-1"]
[WhiteElo "1901"]
[BlackElo "2113"]
[PlyCount "54"]
[EventDate "2023.07.16"]

1. d4 Nf6 2. Nf3 g6 3. c4 Bg7 4. Nc3 d6 5. e3 O-O 6. Be2 Nbd7 7. b3 Re8 8. Bb2 e5 9. Qc2 e4 10. Nd2 Qe7 11. g4 h6 12. h4 g5 13. hxg5 hxg5 14. O-O-O Nf8 15. Rdg1 c6 16. d5 Bd7 17. Kb1 Rac8 18. Ncxe4 Nxe4 19. Nxe4 Bxb2 20. Nxg5 Bg7 21. dxc6 Bxc6 22. Rh5 Qf6 23. Kc1 Qxf2 24. Rf1 Qxe3+ 25. Kd1 Qd4+ 26. Kc1 Re3 27. Rf3 Rxf3 0-1

[Event "SERBIA OPEN 2023 - MASTERS СРБИЈА ОПЕН 2023 - МАСТЕРС"]
[Site "Belgrade, "]
[Date "2023.07.16"]
[Round "1.78"]
[White "Jin, Yueheng"]
[Black "Pereverzev, Timofei"]
[Result "1/2-1/2"]
[WhiteElo "2113"]
[BlackElo "1895"]
[PlyCount "27"]
[EventDate "2023.07.16"]

1. d4 d5 2. c4 dxc4 3. Nf3 a6 4. a4 Bg4 5. Ne5 Bh5 6. g4 Bg6 7. Bg2 c6 8. Na3 e6 9. Naxc4 Nf6 10. Qb3 Nbd7 11. Qxb7 Rb8 12. Qxc6 Bb4+ 13. Kf1 O-O 14. Nxg6 {...} 1/2-1/2

[Event "SERBIA OPEN 2023 - MASTERS СРБИЈА ОПЕН 2023 - МАСТЕРС"]
[Site "Belgrade, "]
[Date "2023.07.16"]
[Round "1.80"]
[White "Oktem, Ege Tuna"]
[Black "Sakmak, Kutay"]
[Result "1-0"]
[WhiteElo "2112"]
[BlackElo "1874"]
[PlyCount "46"]
[EventDate "2023.07.16"]

1. e4 e5 2. Nf3 Nc6 3. Bc4 Bc5 4. c3 Nf6 5. d4 exd4 6. e5 d5 7. Bb5 Ne4 8. cxd4 Bb6 9. Nc3 O-O 10. Be3 Bf5 11. O-O h6 12. Rc1 Ne7 13. Bd3 Nxc3 14. bxc3 Qd7 15. Nh4 Bxd3 16. Qxd3 Ng6 17. Nxg6 fxg6 18. f4 g5 19. fxg5 Rxf1+ 20. Qxf1 Rf8 21. Qe2 hxg5 22. Bxg5 Qf5 23. Be3 Qe4 {...} 1-0

[Event "SERBIA OPEN 2023 - MASTERS СРБИЈА ОПЕН 2023 - МАСТЕРС"]
[Site "Belgrade, "]
[Date "2023.07.16"]
[Round "1.81"]
[White "Udovenko, Daniel"]
[Black "Abdinova, Narmin"]
[Result "0-1"]
[WhiteElo "1856"]
[BlackElo "2110"]
[PlyCount "62"]
[EventDate "2023.07.16"]

1. d4 Nf6 2. c4 e6 3. Nf3 Bb4+ 4. Bd2 c5 5. Bxb4 cxb4 6. Nbd2 O-O 7. a3 Nc6 8. e3 d6 9. Bd3 bxa3 10. bxa3 e5 11. O-O h6 12. Qb1 exd4 13. exd4 d5 14. c5 Nh5 15. Re1 Qf6 16. Nb3 Nf4 17. Ne5 Bh3 18. g3 Ne6 19. Nxc6 bxc6 20. Qd1 Rab8 21. Rb1 Rxb3 22. Rxb3 Nxd4 23. Rc3 Ne2+ 24. Qxe2 Qxc3 25. Qe3 Qf6 26. f4 g6 27. Qe5 Qxe5 28. Rxe5 Rb8 29. Re7 Rb3 30. Ba6 Rxa3 31. Re8+ Kg7 0-1

[Event "SERBIA OPEN 2023 - MASTERS СРБИЈА ОПЕН 2023 - МАСТЕРС"]
[Site "Belgrade, "]
[Date "2023.07.16"]
[Round "1.82"]
[White "Maksimovic, Miroslav"]
[Black "Tolstykh, Viktor"]
[Result "0-1"]
[WhiteElo "2109"]
[BlackElo "1845"]
[PlyCount "84"]
[EventDate "2023.07.16"]

1. e4 c5 2. Nf3 d6 3. Bb5+ Bd7 4. Bxd7+ Qxd7 5. O-O Nc6 6. c3 Nf6 7. Qe2 e6 8. d4 cxd4 9. cxd4 d5 10. e5 Ne4 11. Be3 Be7 12. Ne1 f6 13. f3 Ng5 14. Nd3 Nf7 15. f4 O-O 16. Nd2 Rac8 17. Nf3 Rc7 18. Rac1 Rfc8 19. Nc5 Bxc5 20. dxc5 f5 21. Rfd1 Nfd8 22. Qe1 a6 23. b4 Na7 24. c6 bxc6 25. Bc5 Ra8 26. Qe2 Nc8 27. Nd4 Nb7 28. Rc3 a5 29. a3 axb4 30. axb4 Nxc5 31. Rxc5 Nb6 32. Qc2 Nc4 33. Rxc4 dxc4 34. Nxf5 Qf7 35. Nd6 Qxf4 36. Nxc4 Rb7 37. Qc3 Rf8 38. h3 Qf2+ 39. Kh2 Rfb8 40. Nd6 Rxb4 41. Rd2 Qf4+ 42. g3 Qxd2+ 0-1

[Event "SERBIA OPEN 2023 - MASTERS СРБИЈА ОПЕН 2023 - МАСТЕРС"]
[Site "Belgrade, "]
[Date "2023.07.16"]
[Round "1.83"]
[White "Omarsson, Adam"]
[Black "Rohit, S.."]
[Result "1/2-1/2"]
[WhiteElo "1843"]
[BlackElo "2109"]
[PlyCount "41"]
[EventDate "2023.07.16"]

1. d4 d5 2. c4 e6 3. Nc3 a6 4. cxd5 exd5 5. Bf4 Nf6 6. e3 c5 7. Nf3 c4 8. Be2 Nc6 9. Ne5 Be6 10. O-O Qa5 11. Bg5 Be7 12. f4 g6 13. Bxf6 Bxf6 14. Bg4 Nxe5 15. fxe5 Bg5 16. Bxe6 fxe6 17. Qg4 Bxe3+ 18. Kh1 O-O-O 19. Qxe6+ Kb8 20. Rad1 Rhe8 21. Qh3 {...} 1/2-1/2

[Event "SERBIA OPEN 2023 - MASTERS СРБИЈА ОПЕН 2023 - МАСТЕРС"]
[Site "Belgrade, "]
[Date "2023.07.16"]
[Round "1.84"]
[White "Janjic, Stefan"]
[Black "Karaivanova, Petya"]
[Result "0-1"]
[WhiteElo "2097"]
[BlackElo "1841"]
[PlyCount "45"]
[EventDate "2023.07.16"]

1. d4 d5 2. c4 e6 3. Nc3 Nf6 4. cxd5 exd5 5. Bg5 Be7 6. e3 c6 7. Bd3 Nbd7 8. Nge2 h6 9. Bh4 O-O 10. f3 Re8 11. O-O Nh5 12. Bxe7 Qxe7 13. e4 dxe4 14. fxe4 Nf8 15. Rf2 Ng6 16. Bc4 Be6 17. d5 Rad8 18. Qc2 Ne5 19. dxe6 fxe6 20. Nd1 Ng4 21. Rf3 Rf8 22. Qc3 Qd6 23. g3 {...} 0-1

[Event "SERBIA OPEN 2023 - MASTERS СРБИЈА ОПЕН 2023 - МАСТЕРС"]
[Site "Belgrade, "]
[Date "2023.07.16"]
[Round "1.85"]
[White "Vasilkov, Nikolay"]
[Black "Kim, Andrey"]
[Result "0-1"]
[WhiteElo "1834"]
[BlackElo "2093"]
[PlyCount "96"]
[EventDate "2023.07.16"]

1. e4 c6 2. d4 d5 3. e5 Bf5 4. Be2 e6 5. Nf3 Ne7 6. O-O h6 7. Nbd2 Nd7 8. a4 c5 9. c4 dxc4 10. Nxc4 Nd5 11. dxc5 Bxc5 12. Nd4 Bg6 13. Bf3 O-O 14. Nb5 N5b6 15. Nxb6 Bxb6 16. Bf4 Rb8 17. Nd6 Nc5 18. Ra3 a5 19. Qe2 Bc7 20. Rd1 Qe7 21. Qb5 b6 22. Be3 Rfd8 23. Qc6 f6 24. exf6 gxf6 25. Nb5 Rxd1+ 26. Bxd1 Be5 27. Bxc5 bxc5 28. Re3 Kf7 29. Bb3 Bf5 30. h3 Kg7 31. Qa6 Rd8 32. Qxa5 Bxb2 33. g4 Bg6 34. Rxe6 Rd1+ 35. Kg2 Qb7+ 36. f3 Rd3 37. Qc7+ Qxc7 38. Nxc7 Rxb3 39. a5 Be5 40. Rc6 Rb2+ 41. Kh1 Rh2+ 42. Kg1 Ra2 43. a6 Bf7 44. Nb5 Be8 45. Rxc5 Rxa6 46. Rd5 Bc6 47. Rc5 Rb6 48. f4 Bxf4 0-1

[Event "SERBIA OPEN 2023 - MASTERS СРБИЈА ОПЕН 2023 - МАСТЕРС"]
[Site "Belgrade, "]
[Date "2023.07.16"]
[Round "1.86"]
[White "Javadov, Habil"]
[Black "Baiture, Temirlan"]
[Result "1/2-1/2"]
[WhiteElo "2091"]
[BlackElo "1814"]
[PlyCount "43"]
[EventDate "2023.07.16"]

1. d4 d5 2. Nf3 Nf6 3. Bf4 c5 4. c3 Nc6 5. e3 Bg4 6. Nbd2 e6 7. Be2 cxd4 8. exd4 Bd6 9. Bg3 O-O 10. Ne5 Bxe2 11. Qxe2 Bxe5 12. dxe5 Nd7 13. O-O Qb6 14. Rab1 Ne7 15. Bf4 Nf5 16. g4 Nh4 17. Bg3 Ng6 18. Nb3 Nc5 19. Nd4 Ne4 20. Kg2 Ne7 21. f3 Nxg3 22. hxg3 {...} 1/2-1/2

[Event "SERBIA OPEN 2023 - MASTERS СРБИЈА ОПЕН 2023 - МАСТЕРС"]
[Site "Belgrade, "]
[Date "2023.07.16"]
[Round "1.88"]
[White "Southcott-Moyers, Indy"]
[Black "Lyutsinger, Iren"]
[Result "1-0"]
[WhiteElo "2086"]
[BlackElo "1807"]
[PlyCount "117"]
[EventDate "2023.07.16"]

1. d4 Nf6 2. c4 g6 3. Nc3 Bg7 4. e4 d6 5. Be2 O-O 6. Nf3 c5 7. d5 e5 8. O-O Ne8 9. Ne1 f5 10. Nd3 Nd7 11. Rb1 Ndf6 12. f3 f4 13. b4 b6 14. Qe1 g5 15. Bd1 Rf7 16. bxc5 bxc5 17. Ba4 Bd7 18. Qd1 h5 19. Bc6 Bxc6 20. dxc6 Qc7 21. Qa4 Rc8 22. Rb7 Qxc6 23. Rxf7 Kxf7 24. Qxa7+ Rc7 25. Qa4 Qxa4 26. Nxa4 Ra7 27. Nc3 Nc7 28. Bd2 Ra3 29. Nb2 Ne6 30. Nba4 Nd4 31. Kf2 g4 32. Bc1 g3+ 33. hxg3 fxg3+ 34. Ke1 Kg6 35. Bxa3 Nc2+ 36. Kd2 Nxa3 37. Kd3 h4 38. Ne2 Nh5 39. Rh1 Kg5 40. Kc3 d5 41. Nxc5 d4+ 42. Kd3 Bf6 43. Nd7 Bg7 44. Nc5 Bf6 45. Ne6+ Kg6 46. Nc7 Kg5 47. Nd5 Bd8 48. c5 Nb5 49. Rb1 Nc7 50. Rb8 Ne6 51. c6 Nc5+ 52. Kc4 d3 53. Nec3 h3 54. gxh3 g2 55. Rb1 Kh4 56. Kxc5 Kg3 57. Kc4 Kf2 58. Kxd3 Ng3 59. Rb2+ 1-0

[Event "SERBIA OPEN 2023 - MASTERS СРБИЈА ОПЕН 2023 - МАСТЕРС"]
[Site "Belgrade, "]
[Date "2023.07.16"]
[Round "1.89"]
[White "Yang, Maxwell"]
[Black "Dimitrijevic, Dusan"]
[Result "0-1"]
[WhiteElo "1806"]
[BlackElo "2085"]
[PlyCount "104"]
[EventDate "2023.07.16"]

1. d4 Nf6 2. c4 c5 3. d5 b5 4. cxb5 a6 5. e3 g6 6. Nc3 Bg7 7. e4 d6 8. a4 O-O 9. Nf3 Qa5 10. Bd2 Bd7 11. Bd3 axb5 12. Nxb5 Qb6 13. O-O Na6 14. Bc3 Bxb5 15. axb5 Nc7 16. Qe2 Rfb8 17. Rxa8 Rxa8 18. Nd2 Nd7 19. Nc4 Qb8 20. Na5 e6 21. Nc6 Qb7 22. dxe6 fxe6 23. Bc4 Nb6 24. Bxg7 Nxc4 25. Bf6 Qxb5 26. Ne7+ Kf7 27. Bg5 h6 28. Bh4 g5 29. Nd5 exd5 30. exd5 Ne5 31. Qh5+ Ng6 32. Bxg5 hxg5 33. Qh7+ Kf6 34. Qxc7 Qb8 35. Qd7 Ra7 36. Qe6+ Kg7 37. Qf5 Qd8 38. Re1 Rf7 39. Qc2 Nf4 40. Qe4 Qf6 41. Rf1 Qxb2 42. g3 Qe2 43. Qxe2 Nxe2+ 44. Kg2 Rf5 45. Re1 Nd4 46. Re7+ Kf6 47. Rh7 Rxd5 48. h4 g4 49. h5 Nf3 50. Rh6+ Kf5 51. Rh8 Rd1 52. Rf8+ Ke4 0-1

[Event "SERBIA OPEN 2023 - MASTERS СРБИЈА ОПЕН 2023 - МАСТЕРС"]
[Site "Belgrade, "]
[Date "2023.07.16"]
[Round "1.90"]
[White "Zoric, Savo"]
[Black "Ilic, Ilija"]
[Result "1-0"]
[WhiteElo "2083"]
[BlackElo "1787"]
[PlyCount "91"]
[EventDate "2023.07.16"]

1. Nf3 d6 2. d4 Nf6 3. g3 g6 4. Bg2 Bg7 5. O-O O-O 6. b3 Nc6 7. Bb2 Re8 8. d5 Nb8 9. c4 e5 10. Nc3 a6 11. e4 Nbd7 12. Nd2 Nc5 13. Qc2 Nh5 14. b4 Nd7 15. Nb3 Nf8 16. Qe2 Bd7 17. c5 Nf6 18. Rac1 h6 19. a4 N6h7 20. Na5 Qb8 21. Qe3 f5 22. Nc4 dxc5 23. Qxc5 Bf6 24. Qe3 b5 25. axb5 axb5 26. Na5 f4 27. gxf4 exf4 28. Qxf4 Bg5 29. Qg3 Bxc1 30. Bxc1 g5 31. f4 Rxa5 32. bxa5 Qa7+ 33. Be3 Qxa5 34. Bd4 b4 35. fxg5 hxg5 36. Nd1 Ng6 37. e5 Rf8 38. Rxf8+ Kxf8 39. e6 Be8 40. Qh3 Nh4 41. Be4 Kg8 42. e7 Qa6 43. Qg4 b3 44. Ne3 Ng6 45. Qf5 Qe2 46. Qe6+ 1-0

[Event "SERBIA OPEN 2023 - MASTERS СРБИЈА"]
[Site "Belgrade, "]
[Date "2023.07.16"]
[Round "1.91"]
[White "Ashvath, Mittal"]
[Black "Jovanovic, Sasa T"]
[Result "0-1"]
[WhiteElo "1768"]
[BlackElo "2082"]
[PlyCount "41"]
[EventDate "2023.07.16"]

1. e4 e5 2. Nf3 Nc6 3. Bc4 Nf6 4. d3 Bc5 5. c3 Bb6 6. O-O h6 7. Re1 d6 8. Nbd2 O-O 9. h3 a6 10. a4 Be6 11. Bxe6 fxe6 12. Nc4 Ba7 13. a5 Qe8 14. Be3 Bxe3 15. Rxe3 Nh5 16. g3 Qf7 17. Qf1 Rae8 18. Rae1 Qg6 19. Qg2 Rf6 20. Nh2 Ref8 21. Ng4 {Unreadable} 0-1

[Event "SERBIA OPEN 2023 - MASTERS СРБИЈА"]
[Site "Belgrade, "]
[Date "2023.07.16"]
[Round "1.92"]
[White "Simonovic, Miroslav"]
[Black "Lapitsky, Sergey"]
[Result "1-0"]
[WhiteElo "2082"]
[BlackElo "1750"]
[PlyCount "67"]
[EventDate "2023.07.16"]

1. d4 d5 2. Bg5 Nf6 3. Bxf6 gxf6 4. e3 c6 5. c4 Qb6 6. Qd2 Bf5 7. Nc3 e6 8. a3 Nd7 9. b4 a5 10. c5 Qc7 11. b5 Bg7 12. Be2 O-O 13. h4 e5 14. b6 Qd8 15. g4 Be6 16. f4 exd4 17. exd4 f5 18. g5 f6 19. O-O-O fxg5 20. hxg5 Qe7 21. Qe3 Nxb6 22. Qh3 h6 23. gxh6 Bf6 24. Nf3 Nc4 25. Rde1 b6 26. Bxc4 dxc4 27. Ne5 Bxe5 28. Rxe5 Kh8 29. Rhe1 Rf6 30. Qg2 Rxh6 31. Qxc6 Re8 32. d5 Rd8 33. Rxe6 Rxe6 34. Rxe6 1-0

[Event "SERBIA OPEN 2023 - MASTERS СРБИЈА"]
[Site "Belgrade, "]
[Date "2023.07.16"]
[Round "1.93"]
[White "Kalogridis, Themistoklis"]
[Black "Debevec, Blaz"]
[Result "1/2-1/2"]
[WhiteElo "1746"]
[BlackElo "2077"]
[PlyCount "65"]
[EventDate "2023.07.16"]

1. d4 d6 2. e4 g6 3. Nc3 Bg7 4. Nf3 a6 5. a4 Nd7 6. Bc4 e6 7. O-O Ne7 8. Be3 c5 9. dxc5 Nxc5 10. e5 Nf5 11. Qe2 Qc7 12. exd6 Qxd6 13. Rfd1 Qc7 14. Nd5 exd5 15. Bxc5+ Be6 16. Rxd5 Ne7 17. Bxe7 Qxe7 18. Rd2 Bxc4 19. Qxc4 O-O 20. Re1 Qf6 21. c3 Rad8 22. Red1 Rxd2 23. Rxd2 Rd8 24. Rxd8+ Qxd8 25. Nd4 Bf6 26. g3 Qe8 27. Nf3 Kg7 28. Kg2 Qd7 29. Qe4 h6 30. h4 Qc7 31. Qb4 Qc6 32. Qg4 Qb6 33. h5 1/2-1/2

[Event "SERBIA OPEN 2023 - MASTERS СРБИЈА"]
[Site "Belgrade, "]
[Date "2023.07.16"]
[Round "1.94"]
[White "Marjanovic, Rastko"]
[Black "Enkhbolor, Nyamdavaa"]
[Result "1-0"]
[WhiteElo "2072"]
[BlackElo "1745"]
[PlyCount "67"]
[EventDate "2023.07.16"]

1. e4 c5 2. c3 Nf6 3. e5 Nd5 4. Nf3 e6 5. d4 cxd4 6. cxd4 d6 7. a3 Bd7 8. Bd3 Bc6 9. O-O Nd7 10. b4 a6 11. Qe2 dxe5 12. dxe5 Be7 13. Bd2 Rc8 14. Rc1 N7b6 15. Nc3 Nxc3 16. Bxc3 O-O 17. Nd4 Bd5 18. Qg4 Bg5 19. Rc2 Bb3 20. Qe4 g6 21. Nxb3 Nd5 22. Bd4 Rxc2 23. Bxc2 Qc8 24. g3 Nc3 25. Qg4 h5 26. Qf3 Nb5 27. Bc5 Rd8 28. a4 Nc7 29. h4 Bh6 30. Rd1 Nd5 31. a5 Bg7 32. Be4 Bxe5 33. Bxd5 exd5 34. Rxd5 1-0

[Event "SERBIA OPEN 2023 - MASTERS СРБИЈА"]
[Site "Belgrade, "]
[Date "2023.07.16"]
[Round "1.95"]
[White "Lojpur, Nenad"]
[Black "Doraszelski, Alexander"]
[Result "0-1"]
[WhiteElo "1743"]
[BlackElo "2071"]
[PlyCount "86"]
[EventDate "2023.07.16"]

1. d4 d5 2. c4 e6 3. Nc3 c5 4. e3 Nf6 5. Nf3 Nc6 6. h3 a6 7. cxd5 exd5 8. Bd3 c4 9. Bc2 Bb4 10. O-O O-O 11. Bd2 Re8 12. Nh2 b5 13. a3 Bf8 14. Qf3 Rb8 15. b4 cxb3 16. Bxb3 Na5 17. Rfb1 Be6 18. Ng4 Nxg4 19. hxg4 Nc4 20. Bc1 Qd7 21. Qg3 Rbc8 22. Nd1 Bxg4 23. Bxc4 bxc4 24. Nc3 Bf5 25. Rb6 Re6 26. Rxe6 fxe6 27. Ra2 Bd6 28. f4 Rb8 29. Qf2 Rb3 30. Qd2 Qb7 31. e4 dxe4 32. Bb2 e3 33. Qc1 Bxf4 34. Ne2 c3 35. Nxc3 e2 36. Qe1 Rxb2 37. Rxb2 Qxb2 38. Nxe2 Qb1 39. Qxb1 Be3+ 40. Kh2 Bxb1 41. Kg3 Bd3 42. Nf4 Bxf4+ 43. Kxf4 Kf7 0-1

[Event "SERBIA OPEN 2023 - MASTERS СРБИЈА"]
[Site "Belgrade, "]
[Date "2023.07.16"]
[Round "1.96"]
[White "Pantovic, Dragan M"]
[Black "Shadyev, Damir"]
[Result "1/2-1/2"]
[WhiteElo "2057"]
[BlackElo "1741"]
[PlyCount "32"]
[EventDate "2023.07.16"]

1. d4 Nf6 2. c4 g6 3. g3 Bg7 4. Bg2 O-O 5. Nf3 d6 6. O-O Nc6 7. Nc3 a6 8. h3 e5 9. dxe5 dxe5 10. Bg5 Be6 11. Qa4 h6 12. Rad1 Qc8 13. Bxf6 Bxf6 14. Nd5 Bxd5 15. cxd5 Nd4 16. Nxd4 exd4 1/2-1/2

[Event "SERBIA OPEN 2023 - MASTERS СРБИЈА"]
[Site "Belgrade, "]
[Date "2023.07.16"]
[Round "1.97"]
[White "Taran, Egor A"]
[Black "Vujovic, Vera"]
[Result "1/2-1/2"]
[WhiteElo "1741"]
[BlackElo "2054"]
[PlyCount "117"]
[EventDate "2023.07.16"]

1. e4 c5 2. Nf3 d6 3. d4 cxd4 4. Nxd4 Nf6 5. Nc3 g6 6. Be3 Bg7 7. f3 Nc6 8. Qd2 O-O 9. O-O-O d5 10. Kb1 Nxd4 11. Bxd4 dxe4 12. Bxf6 Qxd2 13. Rxd2 exf6 14. Nxe4 f5 15. Nd6 Rd8 16. Bc4 Be6 17. Rhd1 Rxd6 18. Rxd6 Bxc4 19. Rd8+ Rxd8 20. Rxd8+ Bf8 21. Rd7 Bf1 22. g3 Ba6 23. b3 Bc5 24. c4 b5 25. cxb5 Bxb5 26. Rd5 Bg1 27. Rxb5 Bxh2 28. g4 fxg4 29. fxg4 f5 30. gxf5 g5 31. f6 h6 32. Rb7 Kf8 33. Rh7 g4 34. Rxh6 g3 35. Rg6 Kf7 36. Rg4 Kxf6 37. Kc2 Kf5 38. Rg8 Ke4 39. Re8+ Kf3 40. Rf8+ Kg4 41. Rg8+ Kh3 42. Rh8+ Kg2 43. Kd3 Kh1 44. Kc4 g2 45. Rg8 g1=Q 46. Rxg1+ Bxg1 47. a4 Kg2 48. b4 Kf3 49. Kb5 Ke4 50. Ka6 Kd5 51. a5 Kc6 52. b5+ Kc7 53. b6+ Bxb6 54. axb6+ axb6 55. Kb5 Kb7 56. Kb4 Ka6 57. Ka4 Ka7 58. Kb5 Kb7 59. Ka4 1/2-1/2

[Event "SERBIA OPEN 2023 - MASTERS СРБИЈА"]
[Site "Belgrade, "]
[Date "2023.07.16"]
[Round "1.98"]
[White "Stefanou, Konstantinos"]
[Black "Mijic, Sara"]
[Result "1-0"]
[WhiteElo "2051"]
[BlackElo "1736"]
[PlyCount "67"]
[EventDate "2023.07.16"]

1. Nf3 Nf6 2. c4 g6 3. g3 Bg7 4. Bg2 O-O 5. O-O d5 6. cxd5 Nxd5 7. d4 Nb6 8. Nc3 c6 9. Bf4 Be6 10. Qc2 Na6 11. Rfd1 Nb4 12. Qc1 Qc8 13. e4 Rd8 14. a3 Na6 15. Qc2 Bg4 16. Ne2 c5 17. d5 Bxf3 18. Bxf3 c4 19. e5 Nc5 20. Rac1 Nd3 21. Rxd3 cxd3 22. Qxd3 Qd7 23. e6 fxe6 24. Rc7 Qe8 25. d6 Rac8 26. Rxb7 exd6 27. Rxa7 d5 28. Rxg7+ Kxg7 29. Qd4+ e5 30. Bxe5+ Kg8 31. Nf4 Rc4 32. Qxb6 Rc1+ 33. Kg2 Rd7 34. Qf6 1-0

[Event "SERBIA OPEN 2023 - MASTERS СРБИЈА"]
[Site "Belgrade, "]
[Date "2023.07.16"]
[Round "1.99"]
[White "Poorna, Sri M.K"]
[Black "Morvekar, Kedar"]
[Result "1-0"]
[WhiteElo "1736"]
[BlackElo "2049"]
[PlyCount "66"]
[EventDate "2023.07.16"]

1. e4 c5 2. Nf3 d6 3. d4 cxd4 4. Nxd4 Nf6 5. Nc3 a6 6. f3 e5 7. Nb3 Be6 8. Be3 Nbd7 9. Qd2 h5 10. Nd5 Bxd5 11. exd5 g6 12. Be2 Bg7 13. O-O O-O 14. c4 Re8 15. Na5 e4 16. f4 Qc7 17. h3 b6 18. Nc6 a5 19. Rab1 Nc5 20. b4 axb4 21. Rxb4 Nfd7 22. f5 Ra3 23. Bd4 Bxd4+ 24. Qxd4 Rxa2 25. Qe3 Kg7 26. Bxh5 Nf6 27. fxg6 fxg6 28. Bxg6 Kxg6 29. Rxf6+ Kxf6 30. Qh6+ Kf7 31. Qh7+ Kf8 32. Qxc7 e3 33. Qxd6+ Kg8 1-0

[Event "SERBIA OPEN 2023 - MASTERS СРБИЈА"]
[Site "Belgrade, "]
[Date "2023.07.16"]
[Round "1.100"]
[White "Kostic, Milutin B"]
[Black "Dabhade, Arnav"]
[Result "1/2-1/2"]
[WhiteElo "2048"]
[BlackElo "1726"]
[PlyCount "81"]
[EventDate "2023.07.16"]

1. d4 d5 2. Nf3 Nf6 3. c4 e6 4. g3 Be7 5. Bg2 O-O 6. O-O Nbd7 7. Qc2 c6 8. b3 b6 9. Rd1 Bb7 10. Nc3 Qc8 11. Bf4 Rd8 12. e4 dxe4 13. Nxe4 Nxe4 14. Qxe4 Nf6 15. Qe2 Re8 16. Ne5 c5 17. dxc5 Bxc5 18. Rd3 Bxg2 19. Kxg2 Qb7+ 20. Qf3 Qxf3+ 21. Kxf3 Red8 22. Rad1 Rxd3+ 23. Rxd3 Kf8 24. Nc6 Ke8 25. b4 Bf8 26. a3 Nd7 27. Ke2 f6 28. Bd6 e5 29. Bxf8 Nxf8 30. Rd6 a6 31. f4 exf4 32. gxf4 Rc8 33. Kd3 Ng6 34. Ke4 f5+ 35. Kf3 Rc7 36. b5 axb5 37. cxb5 Kf7 38. Rd8 Ne7 39. Ne5+ Ke6 40. Rb8 Rc3+ 41. Kf2 1/2-1/2

[Event "SERBIA OPEN 2023 - MASTERS СРБИЈА"]
[Site "Belgrade, "]
[Date "2023.07.16"]
[Round "1.101"]
[White "Huseynova, Lala"]
[Black "Dumbelovic, Novak"]
[Result "1-0"]
[WhiteElo "1711"]
[BlackElo "2044"]
[PlyCount "91"]
[EventDate "2023.07.16"]

1. e4 c5 2. Nf3 d6 3. d4 cxd4 4. Nxd4 Nf6 5. Nc3 g6 6. Be3 Bg7 7. f3 O-O 8. Qd2 Nc6 9. g4 Be6 10. O-O-O Ne5 11. h4 Qc8 12. h5 Bc4 13. hxg6 fxg6 14. g5 Nh5 15. Bh3 Qe8 16. f4 Nc6 17. Be6+ Bxe6 18. Nxe6 Qf7 19. Nxf8 Rxf8 20. f5 Be5 21. Qd5 Bxc3 22. Qxf7+ Rxf7 23. bxc3 Ng3 24. fxg6 hxg6 25. Rh4 Rf3 26. Re1 Ne5 27. Rf4 a6 28. Bd2 Nh5 29. Rxf3 Nxf3 30. Rf1 Ne5 31. Kd1 Ng3 32. Re1 Ng4 33. Kc1 Nh5 34. Be3 Kf7 35. Kd2 Ke6 36. Bd4 Ne5 37. Bxe5 Kxe5 38. Ke3 d5 39. exd5 Kxd5 40. Rd1+ Ke6 41. c4 Ng7 42. Rb1 Nf5+ 43. Kf4 Nd6 44. Rb6 Kd7 45. c5 e5+ 46. Kxe5 1-0

[Event "SERBIA OPEN 2023 - MASTERS СРБИЈА"]
[Site "Belgrade, "]
[Date "2023.07.16"]
[Round "1.102"]
[White "Cansu, Batuhan"]
[Black "Omarsson, Josef"]
[Result "1/2-1/2"]
[WhiteElo "2043"]
[BlackElo "1710"]
[PlyCount "115"]
[EventDate "2023.07.16"]

1. d4 Nf6 2. Nf3 g6 3. g3 Bg7 4. Bg2 O-O 5. O-O d6 6. b3 b5 7. c4 bxc4 8. bxc4 c6 9. Bb2 Qb6 10. Qb3 Be6 11. Nbd2 Na6 12. Bc3 Rab8 13. Qa4 Nc7 14. e4 Qa6 15. Qxa6 Nxa6 16. Rab1 c5 17. d5 Bd7 18. a3 Ba4 19. Bh3 Nd7 20. Bxg7 Kxg7 21. Bxd7 Bxd7 22. Rxb8 Rxb8 23. Rb1 Ba4 24. Rxb8 Nxb8 25. Kf1 Nd7 26. Ke2 h6 27. h4 Kf6 28. Nh2 h5 29. f4 e6 30. Nhf1 exd5 31. exd5 Kf5 32. Ne3+ Kf6 33. Ne4+ Ke7 34. Kd3 Nf6 35. Nc3 Bd7 36. Kd2 a6 37. Kc2 Ng4 38. Nxg4 Bxg4 39. Kb3 Bd7 40. Nd1 Kf6 41. Ne3 Kg7 42. Kc3 Kf6 43. Kd3 Bc8 44. Ke4 Bd7 45. Kf3 Bc8 46. Ke2 Bd7 47. Kd3 Bc8 48. Ke2 Bd7 49. Kf3 Bc8 50. g4 hxg4+ 51. Nxg4+ Kg7 52. Ne3 Kh6 53. Kg3 Kh5 54. Nd1 Bf5 55. Nf2 f6 56. Nd1 Bd3 57. Ne3 f5 58. Kh3 1/2-1/2

[Event "SERBIA OPEN 2023 - MASTERS СРБИЈА"]
[Site "Belgrade, "]
[Date "2023.07.16"]
[Round "1.103"]
[White "Stojanovic, Srdjan"]
[Black "Hemanth, Raam"]
[Result "0-1"]
[WhiteElo "1686"]
[BlackElo "2042"]
[PlyCount "100"]
[EventDate "2023.07.16"]

1. d4 d5 2. c4 e6 3. Nf3 c5 4. cxd5 exd5 5. g3 Nc6 6. Bg2 Nf6 7. O-O Be7 8. dxc5 Bxc5 9. Bg5 Be6 10. Nc3 O-O 11. Bxf6 Qxf6 12. a3 Rfd8 13. Rc1 Be7 14. b4 Rac8 15. Qd2 a5 16. b5 Ne5 17. Nxe5 Qxe5 18. Na4 Rb8 19. Nc5 Bg4 20. e3 Qh5 21. f3 Bc8 22. a4 d4 23. Nd3 dxe3 24. Qxe3 Bf6 25. Kh1 Bh3 26. Nf4 Bxg2+ 27. Nxg2 b6 28. Rcd1 Rxd1 29. Rxd1 h6 30. Nf4 Qf5 31. Nd5 Bd8 32. Qd3 Qxd3 33. Rxd3 Rc8 34. Rc3 Rxc3 35. Nxc3 Kf8 36. Kg2 Ke7 37. Kf2 Kd6 38. Ke3 Kc5 39. Kd3 Kb4 40. h4 h5 41. f4 Kb3 42. f5 Be7 43. Ne4 Kxa4 44. Kc4 Ka3 45. Nc3 a4 46. Nd5 Bc5 47. Nc3 Bf2 48. Ne4 Be1 49. Nc3 Bxc3 50. Kxc3 f6 0-1

[Event "SERBIA OPEN 2023 - MASTERS СРБИЈА"]
[Site "Belgrade, "]
[Date "2023.07.16"]
[Round "1.104"]
[White "Phatak, Aanjaneya"]
[Black "Divitt, Arora"]
[Result "0-1"]
[WhiteElo "2040"]
[BlackElo "1682"]
[PlyCount "66"]
[EventDate "2023.07.16"]

1. e4 e5 2. Nf3 Nc6 3. d4 exd4 4. Nxd4 Nf6 5. Nxc6 bxc6 6. e5 Qe7 7. Qe2 Nd5 8. c4 Nb6 9. Nc3 Ba6 10. b3 Qe6 11. Qe4 Bb4 12. Bd2 Bxc3 13. Bxc3 d5 14. Qh4 dxc4 15. Be2 Qg6 16. Bb4 Nd5 17. Bc5 Qc2 18. O-O Qxe2 19. Rfe1 Qd2 20. bxc4 Qf4 21. Qh3 Qxc4 22. Rac1 Nf4 23. Qf3 Ne2+ 24. Kh1 Qd5 25. Qg4 Nxc1 26. Rxc1 Qe6 27. Qh4 h6 28. f4 g5 29. fxg5 O-O-O 30. Qa4 Bb7 31. Qxa7 Qg4 32. Bg1 Rd2 33. Bf2 c5 0-1